JCT: Minor Works Building Contract with contractor's design 2024 (Record no. 122250)

MARC details
000 -LEADER
fixed length control field 00830nam a2200253 i 4500
005 - DATE AND TIME OF LATEST TRANSACTION
control field 20260218145843.0
008 - FIXED-LENGTH DATA ELEMENTS--GENERAL INFORMATION
fixed length control field 260218s2024 enk 000|0 eng|d
020 ## - INTERNATIONAL STANDARD BOOK NUMBER
ISBN 9780414108509
Qualifying information paperback
041 ## - LANGUAGE CODE
Language code of text/sound track or separate title eng
082 04 - DEWEY DECIMAL CLASSIFICATION NUMBER
Classification number 343.41078624
245 00 - TITLE STATEMENT
Title JCT: Minor Works Building Contract with contractor's design 2024
Subtitle MWD 2024
246 1# - VARIANT TITLE
Title MWD 2024
264 #1 - PRODUCTION, PUBLICATION, DISTRIBUTION, MANUFACTURE, AND COPYRIGHT NOTICE
Place of production, publication, distribution, manufacture London :
Name of producer, publisher, distributor, manufacturer Thomson Reuters (Professional) UK Limited, trading as Sweet & Maxwell,
Date of production, publication, distribution, manufacture, or copyright notice 2024
300 ## - PHYSICAL DESCRIPTION
Physical description ii; 51 pages ;
Dimensions 30 cm
490 ## - SERIES TITLE
Series statement JCT Contracts 2024
650 #0 - KEYWORDS
Keywords Construction contracts
Geographic subdivision Great Britain
651 ## - SUBJECT ADDED ENTRY--GEOGRAPHIC NAME
Geographic name United Kingdom
710 2# - ADDED CORPORATE NAME
Added corporate author Joint Contracts Tribunal,
Relator term issuing body.
942 ## - ADDED ENTRY ELEMENTS (KOHA)
Suppress in OPAC Do not suppress in OPAC
336 ## - CONTENT TYPE
Content type term text
Source rdacontent
337 ## - MEDIA TYPE
Media type term unmediated
Source rdamedia
338 ## - CARRIER TYPE
Carrier type term volume
Source rdacarrier
Holdings
Lost status Damaged status Not for loan Home library Current library Shelving location Date acquired Total Checkouts Full call number Date last seen Price effective from Koha item type
      London London Boxed set 18/02/2026   JCT CONTRACTS - OFFICE 18/02/2026 18/02/2026 Book